000 01387nam0a2200313 4500
001 RU\NLR\bibl\48817
005 20260405191809.0
035 _a(NLR Aleph) 000047620
090 _a253257
_c253257
100 _a19990922d1999 |||y0rusy50 ca
101 0 _arus
102 _aRU
105 _aa |||||||||
200 1 _aМонография
_fФранциско Инфантэ
_g[Гос. кол. соврем. искусства, Гос. центр соврем. искусства]
210 _aМ.
_cГос. кол. соврем. искусства
_cГос. центр соврем. искусства
_d[1999]
215 _a271 с.
_cил.
_d29
320 _aБиблиогр. в подстроч. прим. и в тексте
327 1 _aВ кн. также включены статьи о творчестве Ф. Инфантэ
600 1 _aИнфанте
_bФ.
_f1943
_gФранциско
_92113407
_3RU\NLR\auth\661277004
686 _aЩ103(2Р=Рус)7-8Инфанте
700 1 _4070
_8rus
_7ca
_aИнфанте
_bФ.
_cхудожник
_f1943-
_gФранциско
_3RU\NLR\auth\7783769
_966697
801 0 _aRU
_bNLR
_c19990922
_gPSBO
801 1 _aRU
_bNLR
_c19990922
852 _aNLR
_j99-8/1397
942 _cBOOK
980 _aNB